banner-ar

الفيزياء العامة فى الكهرباء والمغناطيسية - الضوء - الفيزياء الحديثة / (Record no. 41502)

MARC details
000 -الفاتح
حقل البيانات ثابتة الطول 00879nam a2200253Ia 4500
008 - عناصر البيانات ثابتة الطول - معلومات عامة
حقل البيانات ثابتة الطول 140319s9999 xx 000 0 ara d
040 ## - مصدر الفهرسة
وكالة الفهرسة الأصلية GCL /
وكالة النسخ GCL
082 04 - رقم تصنيف ديوى العشرى
رقم التصنيف 530
رقم المادة م ف
100 1# - المدخل الرئيسى - إسم شخصى
الإسم الشخصى محمد على احمد عيسى
245 10 - بيان العنوان
العنوان الفيزياء العامة فى الكهرباء والمغناطيسية - الضوء - الفيزياء الحديثة /
بيان المسئوليه,etc محمد على احمد عيسى
700 1# - المدخل الاضافى - اسم شخصى
الإسم الشخصى عبدالله بن راشد محمد سماوى
700 1# - المدخل الاضافى - اسم شخصى
الإسم الشخصى محمد بن صالح العبدالله القرعاو
300 ## - الوصف المادى
التعداد 529 ص
490 ## - بيان السلسلة
عنوان السلسلة
650 04 - المدخل الاضافى بالموضوع-مصطلح موضوعى
مصطلح موضوعي انعكاس الضوء
650 04 - المدخل الاضافى بالموضوع-مصطلح موضوعى
مصطلح موضوعي انكسار الضوء
650 04 - المدخل الاضافى بالموضوع-مصطلح موضوعى
مصطلح موضوعي الكهرباء
650 04 - المدخل الاضافى بالموضوع-مصطلح موضوعى
مصطلح موضوعي الفيزياء
650 04 - المدخل الاضافى بالموضوع-مصطلح موضوعى
مصطلح موضوعي المغناطيسية
650 04 - المدخل الاضافى بالموضوع-مصطلح موضوعى
مصطلح موضوعي الميكانيكا
650 04 - المدخل الاضافى بالموضوع-مصطلح موضوعى
مصطلح موضوعي الفيزياء الضوئية
942 ## - عناصر المدخل الإضافي( كوها)
مصدر التصنيف او مخطط الترفيف Dewey Decimal Classification
Koha [default] item type كتاب
Holdings
حالة التراجع حالة الفقد حالة تلف ليس للاعارة المكان المؤقت الموقع الحالى تاريخ الاكتساب اجمالي اﻻعارات رقم الطلب الباركود تاريخ اخر مشاهدة تاريخ تفعيل السعر نوع وعاء كوها
        مكتبة القاهرة الكبرى مكتبة القاهرة الكبرى 03/26/2014   530\م ف 100233 03/26/2014 03/26/2014 كتاب
        مكتبة القاهرة الكبرى مكتبة القاهرة الكبرى 03/26/2014   530\م ف 100234 03/26/2014 03/26/2014 كتاب
        مكتبة القاهرة الكبرى مكتبة القاهرة الكبرى 03/26/2014   530\م ف 100235 03/26/2014 03/26/2014 كتاب

Powered By

EGPV